Apropiacin̤ social del conocimiento y aprendizaje una mirada crt̕ica desde diferentes m̀bitos

Detalles Bibliográficos
Formato: eBook
Lenguaje:español
Publicado: Mx̌ico D.F.: Plaza y Valdš Editores, 2012
Materias:
Acceso en línea:Acceso restringido

MARC

LEADER 00000nam a22000007a 4500
005 20130711135249.0
007 cr|||| ||||
008 130711s2012 mx |||||s|||| 00||0 spa d
035 |a 11393 
040 |a vLex 
090 |c 4424  |d 4424 
245 0 0 |a Apropiacin̤ social del conocimiento y aprendizaje  |h [Recurso electrn̤ico] :  |b una mirada crt̕ica desde diferentes m̀bitos 
256 |a Servicio en ln̕ea 
260 |a Mx̌ico D.F.:  |b Plaza y Valdš Editores,  |c 2012 
300 |a 1 recurso electrn̤ico 
506 1 |a Contenido solo disponible en los productos indicados  |d vLex Global  |d vLex Global (Academic Edition, excluding Law Schools)  |d vLex Global (U.S. Academic Edition, Law Schools)  |d vLex Global (U.S. Academic Edition, excluding Law Schools)  |d vLex Global (Academic Edition, Law Schools) 
650 0 4 |a Conocimiento 
650 0 4 |a Aprendizaje  |z Mx̌ico 
740 0 |a vLex Libros (Servicio en ln̕ea) 
856 4 0 |u http://vlex.com/source/apropiacion-social-del-conocimiento-y-aprendizaje-una-mirada-critica-desde-diferentes-ambitos-11393  |z Acceso restringido 
942 |c BOOK